000 00365nam a2200133 i 4500
001 bg
100 1 _aSAJDOK, Krystyna
245 0 _aPsychospołeczne warunki pracy a polityka społeczna w zakładach przemysłowych /
_cKrystyna Sajdok.
260 _aKatowice,
_c1981.
040 _cBPK
041 _apol
942 _cKS
008 s pl f |000 0 pol
999 _c19864
_d19864
856 _uhttp://koha.tu.koszalin.pl/cgi-bin/koha/opac-detail.pl?biblionumber=19864
_yKatalog online BPK